000 01597nam2a22003131 4500
001 rc\4021694
005 20250611061156.0
021 _aRU
_b[60-39141]
035 _a(NLR Aleph) 008086918
090 _a9159095
_c9159095
100 _a20130415d1960 |||y0rusy50 ca
101 0 _arus
102 _aRU
105 _ac z |||||
200 1 _a[Основы общей бактериологии
_aБиологические процессы разрушения бактерий
_aИнфекция и иммунитет
_aСтатьи и доклады]
_fПод ред. В.Л. Троицкого
210 _d1960
_aБ. м.
215 _a346 с., 1 л. портр.
320 _aБиблиогр. в конце разделов
461 0 _1001rc\4021690
_12001#$aСобрание сочинений$fРед. коллегия: В.Д. Тимаков (ред.) [и др.]$gАкад. мед. наук СССР. Т. 1-$vТ. 4
_1700#1$aГамалея$bН.Ф.$gНиколай Федорович
_99159072
_aГамалея, Н.Ф.
_cМосква
_d1956
_fРед. коллегия: В.Д. Тимаков (ред.) [и др.]
_nМедгиз
_tСобрание сочинений
_vТ. 4
606 _aИммунитет (т. 4)
_2psbo
606 _aМикробиология медицинская (т. 4)
_2psbo
606 _aИнфекция (т. 4)
_2psbo
702 1 _aТимаков
_bВ.Д.
_gВладимир Дмитриевич
_4340
702 1 _aТроицкий
_bВ.Л.
_4340
801 0 _aRU
_bNLR
_gpsbo
801 1 _aRU
_bELAR
_2rusmarc
852 _aNLR
_jМк02 Г-7/16
942 _cBOOK
980 _aNB